000 00634nam a2200181Ia 4500
003 GCL
008 140319s9999 xx 000 0 ara d
040 _aGCL /
_cGCL
082 0 4 _a390
_bم م
100 1 _aمحمود سلام زناتى
245 1 0 _aمن طرائف العادات وغرائب المعتقدات /
_cمحمود سلام زناتى
300 _a237 ص
490 _aالهيئة العامة للاستعلامات
_v0
650 0 4 _aايران - العادات القديمة
650 0 4 _aالمرأة - عادات وتقاليد
650 0 4 _aالعرب - العادات والتقاليد
942 _2ddc
_cBK
999 _c49300
_d49300